000 01151nam a22002177a 4500
999 _c61290
_d61290
003 Ge_BSU
005 20240129095952.0
008 240129s2022 ge ||||| |||| 00| 0 geo d
020 _a9789941847868
041 _ageo
080 _a37.02 ო-73
100 _aოსიაშვილი, ქეთევან
_921148
245 _aაღზრდა აკრძალვების გარეშე (?!) /
_cქეთევან ოსიაშვილი; მთ. რედაქტორი ნატო ინგოროყვა; დიზაინერი დარია ცინცაძე.
264 _aთბილისი :
_bაზროვნების აკადემიის გამომცმელობა,
_c2022.
300 _a248 გვ. ;
_b20 სმ
653 _aბავშვის აღზრდა
653 _aბავშვის აღზრდა ოჯახში
700 _aინგოროყვა, ნატო
_eმთ. რედაქტორი
_97164
700 _aცინცაძე, დარია
_eდიზაინერი
_921149
942 _2udc
_cᲬᲘᲒᲜᲘ